Subdivinding Europe's map by number of attempts. - Statistics

General Stats
  • This quiz has been taken 218 times
    2 since last reset
  • The average score is 72 of 210
Answers on the Map
Answers color-coded by a green-red scale on the quiz's map according to % correct below.
 
Answer Stats
Level Type Subdivision % Correct
First-Level Subdivision Region Sicily
100%
First-Level Subdivision Region Abruzzo
50%
Country Country Albania
50%
First-Level Subdivision Autonomous Community Andalusia
50%
First-Level Subdivision Parish Andorra la Vella
50%
First-Level Subdivision Region Apulia
50%
First-Level Subdivision Autonomous Community Aragon
50%
First-Level Subdivision Autonomous Community Asturias
50%
First-Level Subdivision Region Auvergne-Rhône-Alpes
50%
First-Level Subdivision District Aveiro
50%
First-Level Subdivision Region Azores
50%
First-Level Subdivision Autonomous Community Balearic Islands
50%
First-Level Subdivision Region Basilicata
50%
First-Level Subdivision Autonomous Community Basque Country
50%
First-Level Subdivision District Beja
50%
Country Country Belarus
50%
Country Country Bosnia and Herzegovina
50%
First-Level Subdivision Region Bourgogne-Franche-Comté
50%
First-Level Subdivision District Braga
50%
First-Level Subdivision District Bragança
50%
First-Level Subdivision Region Brittany
50%
Country Country Bulgaria
50%
First-Level Subdivision State Burgenland
50%
First-Level Subdivision Region Calabria
50%
First-Level Subdivision Region Campania
50%
First-Level Subdivision Parish Canillo
50%
First-Level Subdivision Autonomous Community Cantabria
50%
First-Level Subdivision State Carinthia
50%
First-Level Subdivision District Castelo Branco
50%
First-Level Subdivision Autonomous Community Castile and León
50%
First-Level Subdivision Autonomous Community Castilla-La Mancha
50%
First-Level Subdivision Autonomous Community Catalonia
50%
First-Level Subdivision Region Centre-Val de Loire
50%
First-Level Subdivision District Coimbra
50%
First-Level Subdivision City Cork
50%
First-Level Subdivision County Cork
50%
First-Level Subdivision Region Corsica
50%
First-Level Subdivision Region Corsica
50%
First-Level Subdivision Region Crete
50%
Country Country Croatia
50%
Country Country Czech Republic
50%
Country Country Denmark
50%
First-Level Subdivision City Dublin
50%
First-Level Subdivision County Dublin
50%
First-Level Subdivision Province Edirne
50%
First-Level Subdivision Region Emilia-Romagna
50%
First-Level Subdivision Parish Encamp
50%
First-Level Subdivision Country England
50%
First-Level Subdivision Region Epirus
50%
Country Country Estonia
50%
First-Level Subdivision District Évora
50%
First-Level Subdivision Autonomous Community Extremadura
50%
First-Level Subdivision District Faro
50%
Country Country Finland
50%
First-Level Subdivision Region Flanders
50%
First-Level Subdivision Region Friuli
50%
First-Level Subdivision Autonomous Community Galicia
50%
First-Level Subdivision County Galway
50%
First-Level Subdivision County Galway
50%
Country Country Germany
50%
First-Level Subdivision Region Grand Est
50%
First-Level Subdivision District Guarda
50%
First-Level Subdivision Dependency Guernsey
50%
First-Level Subdivision Region Hauts-de-France
50%
Country Country Hungary
50%
Country Country Iceland
50%
First-Level Subdivision Region Île-de-France
50%
First-Level Subdivision Dependency Isle of Man
50%
First-Level Subdivision Province Istanbul
50%
First-Level Subdivision Dependency Jersey
50%
First-Level Subdivision County Kerry
50%
First-Level Subdivision County Kilkenny
50%
First-Level Subdivision Municipality Kópavogur
50%
Country Country Kosovo
50%
First-Level Subdivision Region Lacio
50%
First-Level Subdivision Ward La Condamine
50%
First-Level Subdivision Parish La Massana
50%
First-Level Subdivision Autonomous Community La Rioja
50%
Country Country Latvia
50%
First-Level Subdivision District Leiria
50%
Country Country Liechtenstein
50%
First-Level Subdivision Region Liguria
50%
First-Level Subdivision City-County Limerick
50%
First-Level Subdivision District Lisbon
50%
Country Country Lithuania
50%
First-Level Subdivision Region Lombardy
50%
First-Level Subdivision State Lower Austria
50%
First-Level Subdivision Canton Luxembourg
50%
First-Level Subdivision Region Macedonia
50%
First-Level Subdivision Autonomous Community Madrid
50%
Country Country Malta
50%
First-Level Subdivision Region Marche
50%
First-Level Subdivision County Mayo
50%
Country Country Moldova
50%
First-Level Subdivision Region Molise
50%
First-Level Subdivision Ward Monte-Carlo
50%
Country Country Montenegro
50%
First-Level Subdivision Autonomous Community Murcia
50%
First-Level Subdivision Foral Community Navarre
50%
Country Country Netherlands
50%
First-Level Subdivision Region Normandy
50%
First-Level Subdivision Region Northern Ireland
50%
Country Country North Macedonia
50%
Country Country Norway
50%
First-Level Subdivision Region Nouvelle-Aquitaine
50%
First-Level Subdivision Region Occitanie
50%
First-Level Subdivision Parish Ordino
50%
First-Level Subdivision Region Pays de la Loire
50%
First-Level Subdivision Region Peloponnese
50%
First-Level Subdivision Region Piemonte
50%
Country Country Poland
50%
First-Level Subdivision District Portalegre
50%
First-Level Subdivision District Porto
50%
First-Level Subdivision Region Provence-Alpes-Côte d'Azur
50%
First-Level Subdivision Municipality Reykjavík
50%
Country Country Romania
50%
Country Country Russia
50%
First-Level Subdivision State Salzburg
50%
Country Country San Marino
50%
First-Level Subdivision District Santarém
50%
First-Level Subdivision Country Scotland
50%
Country Country Serbia
50%
First-Level Subdivision District Setúbal
50%
Country Country Slovakia
50%
Country Country Slovenia
50%
First-Level Subdivision State Styria
50%
Country Country Sweden
50%
Country Country Switzerland
50%
First-Level Subdivision Province Tekirdağ
50%
First-Level Subdivision Region Toscana
50%
First-Level Subdivision Region Trentino
50%
First-Level Subdivision State Tyrol
50%
Country Country Ukraine
50%
First-Level Subdivision Region Umbria
50%
First-Level Subdivision State Upper Austria
50%
First-Level Subdivision Autonomous Community Valencia
50%
Country Country Vatican City
50%
First-Level Subdivision District Viana do Castelo
50%
First-Level Subdivision State Vienna
50%
First-Level Subdivision District Viseu
50%
First-Level Subdivision State Vorarlberg
50%
First-Level Subdivision Country Wales
50%
First-Level Subdivision Region Wallonia
50%
First-Level Subdivision Municipality Akranes
0%
First-Level Subdivision Region Aosta Valley
0%
First-Level Subdivision Region Atyrau
0%
First-Level Subdivision Region Brussels-Capital Region
0%
First-Level Subdivision Canton Capellen
0%
First-Level Subdivision County Carlow
0%
First-Level Subdivision County Cavan
0%
First-Level Subdivision Region Center
0%
First-Level Subdivision County Clare
0%
First-Level Subdivision Canton Clervaux
0%
First-Level Subdivision Canton Diekirch
0%
First-Level Subdivision Province Kırklareli
0%
First-Level Subdivision County Dún Laoghaire–Rathdown
0%
First-Level Subdivision Canton Echternach
0%
First-Level Subdivision Parish Escaldes-Engordany
0%
First-Level Subdivision Canton Esch sur Alzette
0%
First-Level Subdivision County Fingal
0%
First-Level Subdivision Ward Fontvieille
0%
First-Level Subdivision Municipality Garðabær
0%
First-Level Subdivision Territory Gibraltar
0%
First-Level Subdivision Canton Grevenmacher
0%
First-Level Subdivision District Guba
0%
First-Level Subdivision District Gusar
0%
First-Level Subdivision Municipality Hafnarfjörður
0%
First-Level Subdivision Municipality Hveragerði
0%
First-Level Subdivision Ward Jardin Exotique
0%
First-Level Subdivision District khachmaz
0%
Historical Region Region Khevi
0%
First-Level Subdivision County Kildare
0%
First-Level Subdivision Municipality Kjósarhreppur
0%
First-Level Subdivision County Laois
0%
First-Level Subdivision Ward La Rousse
0%
First-Level Subdivision Ward Larvotto
0%
First-Level Subdivision County Leitrim
0%
First-Level Subdivision Ward Les Moneghetti
0%
First-Level Subdivision County Longford
0%
First-Level Subdivision County Louth
0%
First-Level Subdivision County Meath
0%
First-Level Subdivision Canton Mersch
0%
First-Level Subdivision Ward Monaco-Ville
0%
First-Level Subdivision County Monaghan
0%
First-Level Subdivision Municipality Mosfellsbær
0%
First-Level Subdivision Region Mount Athos
0%
First-Level Subdivision County Offaly
0%
First-Level Subdivision Ward Ravin de Sainte-Dévote
0%
First-Level Subdivision Canton Redange
0%
First-Level Subdivision Canton Remich
0%
First-Level Subdivision County Roscommon
0%
First-Level Subdivision Parish Sant Julià de Lòria
0%
First-Level Subdivision Municipality Seltjarnarnes
0%
First-Level Subdivision District Shabran
0%
First-Level Subdivision District Shiyazan
0%
First-Level Subdivision County Sligo
0%
First-Level Subdivision County South Dublin
0%
First-Level Subdivision Region Thesalia
0%
First-Level Subdivision County Tipperary
0%
Historical Region Region Tusheti
0%
First-Level Subdivision Region Venecia
0%
First-Level Subdivision Municipality Vestmannaeyjar
0%
First-Level Subdivision Canton Vianden
0%
First-Level Subdivision District Vila Real
0%
First-Level Subdivision City-County Waterford
0%
First-Level Subdivision Region West Kazakhstan
0%
First-Level Subdivision County Westmeath
0%
First-Level Subdivision County Wexford
0%
First-Level Subdivision County Wicklow
0%
First-Level Subdivision Canton Wiltz
0%
No matching quizzes found
Score Distribution
Percent of People with Each Score
Percentile by Number Answered
Your Score History
You have not taken this quiz since the last reset